All Fernando Alonso's Formula 1 wins - Statistics

General Stats
  • This quiz has been taken 145 times
  • The average score is 20 of 32
Answer Stats
Number of win Race % Correct
32 Spain 2013
87%
29 Europe 2012
86%
1 Hungary 2003
77%
4 San Marino 2005
74%
11 Spain 2006
73%
12 Monaco 2006
71%
5 Europe 2005
70%
24 Italy 2010
69%
20 Singapore 2008
69%
6 France 2005
68%
22 Bahrain 2010
67%
7 Germany 2005
66%
17 Monaco 2007
66%
8 China 2005
65%
15 Japan 2006
65%
18 Europe 2007
64%
21 Japan 2008
64%
25 Singapore 2010
63%
30 Germany 2012
62%
10 Australia 2006
61%
3 Bahrain 2005
61%
9 Bahrain 2006
61%
31 China 2013
61%
19 Italy 2007
61%
28 Malaysia 2012
61%
14 Canada 2006
60%
23 Germany 2010
59%
2 Malaysia 2005
59%
26 South Korea 2010
58%
16 Malaysia 2007
53%
27 Britain 2011
31%
13 Britain 2006
27%
No matching quizzes found
Score Distribution
Percent of People with Each Score
Percentile by Number Answered
Your Score History
You have not taken this quiz